000 00336nam a2200145Ia 4500
999 _c120
_d120
003 OSt
008 191201s2009 xx 000 0 und d
100 _aGOYAL, Gulshan
245 0 _aProgramming languages
250 _a1st
260 _aAmbala cantt
_bIshan Publications
_c2009
300 _a324
650 _aB.Tech(CSE)
942 _2ddc
_cBK